| 000 | 00736nam a2200193 a 4500 | ||
|---|---|---|---|
| 003 | 0 | ||
| 005 | 20250528152956.0 | ||
| 008 | 021119s19uu xx 00 eng d | ||
| 050 |
_aPHS HF 5478 _b.A43 2002 |
||
| 100 | _aAldea, Kristine O. | ||
| 245 |
_aPerception of the sellers of pirated products in Las Piñas, Alabang and Muntinlupa / _cKristine O. Aldea. |
||
| 260 |
_aLas Piñas City, Philippines : _bSouthville International School and Colleges, _c2002. |
||
| 300 |
_a48 pages : _billustrations ; _c28 cm. |
||
| 504 | _aIncludes bibliographical references. | ||
| 650 |
_aPirated products _zPhilippines. |
||
| 650 |
_aIntellectual property infringement _zPhilippines. |
||
| 650 |
_aStreet vendors _zPhilippines. |
||
| 942 |
_2lcc _cPASS |
||
| 999 |
_c96672 _d96672 |
||